Online
Catalog

La comunicación humana : (Record no. 34969)

MARC details
000 -CABECERA
campo de control de longitud fija 00625nam a2200181 a 4500
001 - NÚMERO DE CONTROL
campo de control 000035478
005 - FECHA Y HORA DE LA ÚLTIMA TRANSACCIÓN
campo de control 20200930074354.0
008 - DATOS DE LONGITUD FIJA--INFORMACIÓN GENERAL
campo de control de longitud fija 111101s1988 mx 000 0 spa d
020 ## - NÚMERO INTERNACIONAL ESTÁNDAR DEL LIBRO
Número Internacional Estándar del Libro 9684515197
040 ## - FUENTE DE LA CATALOGACIÓN
Centro catalogador/agencia de origen DO-SdBNP
Lengua de catalogación spa
Centro/agencia transcriptor BNPHU
082 ## - NÚMERO DE LA CLASIFICACIÓN DECIMAL DEWEY
Número de clasificación xxxx
Número de documento/Ítem xxxx
100 1# - ENTRADA PRINCIPAL--NOMBRE DE PERSONA
Nombre de persona Fernández Collado, Carlos
9 (RLIN) 61346
245 13 - MENCIÓN DE TÍTULO
Título La comunicación humana :
Resto del título ciencia social /
Mención de responsabilidad, etc. Carlos Fernández Collado, Gordon L. Dahnke ; traducción Alfonso Carrillo Escalante.
260 ## - PUBLICACIÓN, DISTRIBUCIÓN, ETC.
Lugar de publicación, distribución, etc. México, :
Nombre del editor, distribuidor, etc. McGrawHill,
Fecha de publicación, distribución, etc. 1988.
300 ## - DESCRIPCIÓN FÍSICA
Extensión 468 p. ;
Dimensiones 24 cm.
700 1# - PUNTO DE ACCESO ADICIONAL--NOMBRE DE PERSONA
Nombre de persona L. Dahnke, Gordon
9 (RLIN) 61347
700 1# - PUNTO DE ACCESO ADICIONAL--NOMBRE DE PERSONA
Nombre de persona Carrillo Escalante, Alfonso,
Término indicativo de función/relación tr.
9 (RLIN) 61348
Holdings
Estado de retiro Estado de pérdida Restricciones de uso No para préstamo Código de colección Localización permanente Ubicación/localización actual Ubicación en estantería Fecha de adquisición Número de inventario Total de préstamos Signatura topográfica completa Código de barras Fecha visto por última vez Precio válido a partir de Tipo de ítem Koha
      Excluido de préstamo Monografías: Libros y Folletos General General Depósito 01.11.2011 LF1   xxxx xxxx 35478-10 25.06.2020 25.06.2020 No se presta

Powered by Koha